000 00674cab a22001935a 4500
001 L136940
008 070305e2007 xxk 000 0 eng d
035 _a(Sirsi) u136940
041 0 _aeng
100 1 _aGibson, Grant
245 _aSuffolk punch
260 _c2007
490 0 _aRIBA Journal
_v114(3) March 2007, 34-40(6)
520 _aReports on the design, architecture and costing of a modern house sympathetic to the Tudor architecture in Lavenham, Suffolk. Contains brief building costs, layout plans and specifications. The total cost was £400 000.
590 _aKA
651 4 _aUnited Kingdom
_y
690 _aBUILT ENVIRONMENT-BUILDING COSTS
942 _n0
999 _c78500
_d78500